000 00712nam a2200289Ia 4500
005 20260324122439.0
008 008 260324s9999 xx 000 0 eng d
020 _a9781003235736
037 _aEBOOK
040 _aCRL
040 _beng
040 _cCRL
041 _2eng
041 _aeng
084 _qCRL
100 _aSusan K. Johnsen; Mary Ruth Coleman
_91166487
245 0 _aImplementing RtI With Gifted Students
245 0 _bService Models, Trends, and Issues
260 _bTaylor and Francis
260 _c2013
365 _a
365 _b160
856 _uhttp://www.taylorfrancis.com/books/9781003235736
942 _cEBOOK
999 _c1759234
_d1759234